000 00732nam a2200217 i 4500
001 bg
100 1 _aGUZIENIUK, Zbigniew
245 0 _aWybrane metody numeryczne i graficzne realizowane na komputerze /
_cZ. Guzeniuk, M. Majewski, H. Puchalski ; Politechnika Szczecińska. Pracownia Informatyczna. Wydział Budownictwa i Architektury.
260 _aSzczecin :
_bWydaw. Uczelniane PS,
_c1991.
300 _a150 s. :
_brys. ;
_c24 cm.
521 _aBibliogr. s. 150.
650 9 _aAnaliza numeryczna
650 9 _aKomputery
_xstosowanie
700 1 _aMAJEWSKI, Mieczysław
700 1 _aPUCHALSKI, Henryk
040 _cBPK
041 _apol
080 _a004:519.6
942 _cKS
008 s pl f |000 0 pol
999 _c4535
_d4535
856 _uhttp://koha.tu.koszalin.pl/cgi-bin/koha/opac-detail.pl?biblionumber=4535
_yKatalog online BPK